000 00641nam a2200241Ia 4500
003 OSt
005 20220928105555.0
006 a|||||r|||| 00| 0
007 ta
008 220927b |||||||| |||| 00| 0 eng d
024 _a38800
037 _cTextual
040 _aSDCL
_cSDCL
_beng
041 _2eng
_aeng
082 _aQ84, M8
100 _aCoward Harold
_9415837
245 0 _aReadings in eastern religions.
260 _aDelhi
_bSri Satguru Publications
_c1988
300 _a368p.
_ccm.
700 _a Dargyay Eva
_9415838
942 _hQ84, M8
_cTEXL
_2CC
999 _c731722
_d731722